<?xml version="1.0" encoding="UTF-8"?>
<record
    xmlns:xsi="http://www.w3.org/2001/XMLSchema-instance"
    xsi:schemaLocation="http://www.loc.gov/MARC21/slim http://www.loc.gov/standards/marcxml/schema/MARC21slim.xsd"
    xmlns="http://www.loc.gov/MARC21/slim">

  <leader>00510nam a22001810  4500</leader>
  <controlfield tag="003">PILC</controlfield>
  <controlfield tag="005">20150824101330.0</controlfield>
  <controlfield tag="008">991018s1963                        eng  </controlfield>
  <datafield tag="050" ind1="0" ind2="0">
    <subfield code="a">HQ 33</subfield>
    <subfield code="b">.F76 1962</subfield>
  </datafield>
  <datafield tag="100" ind1="1" ind2=" ">
    <subfield code="a">Fromm, Erich,</subfield>
    <subfield code="d">1900-</subfield>
  </datafield>
  <datafield tag="245" ind1="1" ind2="4">
    <subfield code="a">The art of loving /</subfield>
    <subfield code="c">by Erich Fromm.</subfield>
  </datafield>
  <datafield tag="260" ind1=" " ind2=" ">
    <subfield code="a">New York :</subfield>
    <subfield code="b">Harper &amp; Row,</subfield>
    <subfield code="c">1956.</subfield>
  </datafield>
  <datafield tag="300" ind1=" " ind2=" ">
    <subfield code="a">viii, 146 pages ;</subfield>
    <subfield code="c">18 cm.</subfield>
  </datafield>
  <datafield tag="490" ind1="0" ind2=" ">
    <subfield code="a">World perspective series ;</subfield>
    <subfield code="v">v. 9.</subfield>
  </datafield>
  <datafield tag="490" ind1="0" ind2=" ">
    <subfield code="a">Harper colophon books.</subfield>
  </datafield>
  <datafield tag="650" ind1=" " ind2="0">
    <subfield code="a">Love.</subfield>
  </datafield>
  <datafield tag="942" ind1=" " ind2=" ">
    <subfield code="2">lcc</subfield>
    <subfield code="c">BK</subfield>
    <subfield code="k">FOR</subfield>
  </datafield>
  <datafield tag="999" ind1=" " ind2=" ">
    <subfield code="c">288443</subfield>
    <subfield code="d">288443</subfield>
  </datafield>
  <datafield tag="952" ind1=" " ind2=" ">
    <subfield code="0">0</subfield>
    <subfield code="1">0</subfield>
    <subfield code="2">lcc</subfield>
    <subfield code="4">0</subfield>
    <subfield code="a">CL</subfield>
    <subfield code="b">CL</subfield>
    <subfield code="c">FIC</subfield>
    <subfield code="d">2015-08-24</subfield>
    <subfield code="e">DONATION</subfield>
    <subfield code="k">FIC</subfield>
    <subfield code="l">4</subfield>
    <subfield code="m">15</subfield>
    <subfield code="o">HQ 33 .F76 1962</subfield>
    <subfield code="p">C19736</subfield>
    <subfield code="r">2025-01-17 00:00:00</subfield>
    <subfield code="s">2025-01-06</subfield>
    <subfield code="w">2015-08-24</subfield>
    <subfield code="y">BK</subfield>
  </datafield>
</record>
